01700 a2200181 45000010006000000050017000060080041000230030015000640400040000790800075001192450077001940200018002712640038002893000019003275051053003461000020013998560099014194715820260407155740.0260407a1990 arg spa dAR-UNSa-BCEJYS aAR-UNSa-BCEJYSbspacAR-UNSa-BCEJYS a330.834xKeynes y el keynesianismo. Neokeynesianismo. Poskeynesianismo10aLa macroeconomía según Keynes. Una revisión de la teoría general a84-206-8131-8 1aMadrid :bAlianza Editorialc1990 a412 p.c23 cm. aParte I: Preliminares y fundamentos: 1. Keynes y la macroeconomía - 2. El método de la teoría general - 3. La estructura de agregación -- Parte II: Un modelo estático de un proceso dinámico: 4. La teoría de la producción y el empleo - 5. Los fundamentos microeconómicos de la oferta agregada - 6. Demanda agregada - 7. El mercado de trabajo: Keynes versus los clásicos - 8. Una profundización en la demanda de trabajo -- Parte III: Financiación: 9. Ahorro, Inversión, Interés y Financiación - 10. Incentivos a la liquidez - 11. La determinación del tipo de interés - 12. El sistema bancario - 13. El modelo estático: recapitulación -- Parte IV: El sistema en marcha: 14. El multiplicador - 15. Precios y producción - 16. Fluctuaciones cíclicas - 17. El dinero -- Parte V: Temas de política económica: 18. Implicaciones de política económica: política monetaria y fiscal - 19. La política económica en una perspectiva a largo plazo - 20. La relevancia de la Teoría general en la actualidad. 1 aChick, Victoria41uhttps://www.biblioeco.unsa.edu.ar/pmb/images/libros/L127406.jpgyImagen de portadaqimage/jpeg